The doctrine of incarnation in Vaishnavism and christianity: a critical and comparative study
| Main Author: | |
|---|---|
| Format: | Print Book |
| Language: | English |
| Subito Delivery Service: | Order now. |
| Check availability: | HBZ Gateway |
| WorldCat: | WorldCat |
| Interlibrary Loan: | Interlibrary Loan for the Fachinformationsdienste (Specialized Information Services in Germany) |
| Published: |
Delhi
ISPCK
1997
|
| In: | Year: 1997 |
| Standardized Subjects / Keyword chains: | B
Incarnation of Jesus Christ
B Incarnation / Vishnuism |
| Further subjects: | B
Hinduism
Relations
Christianity
B Incarnation B Christianity and other religions Hinduism B Vaishnavism Doctrines |
MARC
| LEADER | 00000cam a2200000 c 4500 | ||
|---|---|---|---|
| 001 | 160728393X | ||
| 003 | DE-627 | ||
| 005 | 20251225193027.0 | ||
| 007 | tu | ||
| 008 | 991201s1997 xx ||||| 00| ||eng c | ||
| 010 | |a 98901177 | ||
| 035 | |a (DE-627)160728393X | ||
| 035 | |a (DE-576)082031819 | ||
| 035 | |a (DE-599)BSZ082031819 | ||
| 035 | |a (OCoLC)39516018 | ||
| 040 | |a DE-627 |b ger |c DE-627 |e rakwb | ||
| 041 | |a eng | ||
| 050 | 0 | |a BR128.H5 | |
| 082 | 0 | |a 291.2/37 | |
| 084 | |a 1 |2 ssgn | ||
| 100 | 1 | |0 (DE-588)121729559 |0 (DE-627)705631966 |0 (DE-576)181877201 |4 aut |a George, N. V. | |
| 109 | |a George, N. V. | ||
| 191 | |a 1 | ||
| 245 | 1 | 4 | |a The doctrine of incarnation in Vaishnavism and christianity |b a critical and comparative study |c N. V. George |
| 264 | 1 | |a Delhi |b ISPCK |c 1997 | |
| 300 | |a XVI, 181 S. | ||
| 336 | |a Text |b txt |2 rdacontent | ||
| 337 | |a ohne Hilfsmittel zu benutzen |b n |2 rdamedia | ||
| 338 | |a Band |b nc |2 rdacarrier | ||
| 500 | |a Includes bibliographical references (p. [179]-181) | ||
| 583 | 1 | |a Archivierung prüfen |c 20200919 |f DE-640 |z 1 |2 pdager | |
| 583 | 1 | |a Archivierung/Langzeitarchivierung gewährleistet |f SSG |x XA-DE-BW |2 pdager |5 DE-21 | |
| 601 | |a doctrina | ||
| 601 | |a Vaishnava | ||
| 650 | 0 | |a Christianity and other religions |x Hinduism | |
| 650 | 0 | |a Hinduism |x Relations |x Christianity | |
| 650 | 0 | |a Incarnation | |
| 650 | 0 | |a Vaishnavism |x Doctrines | |
| 689 | 0 | 0 | |d s |0 (DE-588)1023789752 |0 (DE-627)718474155 |0 (DE-576)36744481X |2 gnd |a Inkarnation Jesu |
| 689 | 0 | |5 (DE-627) | |
| 689 | 1 | 0 | |d s |0 (DE-588)4027024-5 |0 (DE-627)106286331 |0 (DE-576)208968881 |2 gnd |a Inkarnation |
| 689 | 1 | 1 | |d s |0 (DE-588)4190086-8 |0 (DE-627)104141107 |0 (DE-576)210064358 |2 gnd |a Vishnuismus |
| 689 | 1 | |5 (DE-627) | |
| 935 | |a mteo | ||
| 951 | |a BO | ||
| ELC | |b 1 | ||
| ITA | |a 1 |t 1 | ||
| LOK | |0 000 xxxxxcx a22 zn 4500 | ||
| LOK | |0 001 3127943229 | ||
| LOK | |0 003 DE-627 | ||
| LOK | |0 004 160728393X | ||
| LOK | |0 005 20130413110022 | ||
| LOK | |0 008 991201||||||||||||||||ger||||||| | ||
| LOK | |0 040 |a DE-21 |c DE-627 |d DE-21 | ||
| LOK | |0 852 |a DE-21 | ||
| LOK | |0 852 1 |c 13 E 4183 |9 00 | ||
| LOK | |0 935 |a sued |a theo | ||
| LOK | |0 936ln |a s16.4 | ||
| LOK | |0 936ln |a t11 | ||
| LOK | |0 939 |a 01-12-99 |b l01 | ||
| ORI | |a SA-MARC-ixtheoa001.raw | ||
| REL | |a 1 | ||
| STA | 0 | 0 | |a Incarnation of Jesus Christ,Incarnation of Jesus,Incarnation of Christ,Jesus Christ,Incarnation,Incarnation,Incarnation,Avatāra,Avatars (Religion),Incarnation in art,Vishnuism,Vaisnava |
| STB | 0 | 0 | |a Incarnation de Jésus,Incarnation,Incarnation (christianisme),Avatars (religion),Vishnouisme |
| STC | 0 | 0 | |a Encarnación de Jesús,Encarnación,Encarnación,Encarnación,Vishnuismo |
| STD | 0 | 0 | |a Incarnazione di Gesù,Incarnazione,Incarnazione,Visnuismo |
| STE | 0 | 0 | |a 毘湿奴派,道成肉身,道成肉身,化身,化身 |
| STF | 0 | 0 | |a 毘濕奴派,道成肉身,道成肉身,化身,化身 |
| STG | 0 | 0 | |a Encarnação de Jesus,Encarnação,Encarnação,Visnuismo |
| STH | 0 | 0 | |a Вайшнавизм,Воплощение (мотив),Воплощение (религия),Воплощение христово |
| STI | 0 | 0 | |a Βαϊσναβισμός,Βισνουισμός,Ενσάρκωση (μοτίβο),Ενσάρκωση,Ενσάρκωση του Ιησού |
| SUB | |a REL | ||
| SYG | 0 | 0 | |a Inkarnation Christi,Menschwerdung Jesu,Menschwerdung Christi , Gott,Menschwerdung,Inkorporation,Avatāra,Avatar,Awatara,Abaduoluo,A-pa-to-lo,Aboduoluo,A-po-to-lo,Gongen , Wischnuismus,Viṣnuismus,Vaishnavismus,Vaiṣṇavismus |